<?xml version="1.0" encoding="UTF-8"?><?xml-stylesheet type="text/xsl" href="static/style.xsl"?><OAI-PMH xmlns="http://www.openarchives.org/OAI/2.0/" xmlns:xsi="http://www.w3.org/2001/XMLSchema-instance" xsi:schemaLocation="http://www.openarchives.org/OAI/2.0/ http://www.openarchives.org/OAI/2.0/OAI-PMH.xsd"><responseDate>2026-07-05T14:59:15Z</responseDate><request verb="GetRecord" identifier="oai:repisalud.isciii.es:20.500.12105/5355" metadataPrefix="marc">https://repisalud.isciii.es/rest/oai/request</request><GetRecord><record><header><identifier>oai:repisalud.isciii.es:20.500.12105/5355</identifier><datestamp>2025-06-02T14:59:59Z</datestamp><setSpec>com_20.500.12105_2405</setSpec><setSpec>com_20.500.12105_2403</setSpec><setSpec>col_20.500.12105_2411</setSpec></header><metadata><record xmlns="http://www.loc.gov/MARC21/slim" xmlns:dcterms="http://purl.org/dc/terms/" xmlns:doc="http://www.lyncode.com/xoai" xmlns:xsi="http://www.w3.org/2001/XMLSchema-instance" xsi:schemaLocation="http://www.loc.gov/MARC21/slim http://www.loc.gov/standards/marcxml/schema/MARC21slim.xsd">
   <leader>00925njm 22002777a 4500</leader>
   <datafield ind2=" " ind1=" " tag="042">
      <subfield code="a">dc</subfield>
   </datafield>
   <datafield ind2=" " ind1=" " tag="720">
      <subfield code="a">Blasco-Hernandez, Teresa</subfield>
      <subfield code="e">author</subfield>
   </datafield>
   <datafield ind2=" " ind1=" " tag="720">
      <subfield code="a">Otero Garcia, Laura</subfield>
      <subfield code="e">author</subfield>
   </datafield>
   <datafield ind2=" " ind1=" " tag="720">
      <subfield code="a">Olmedo-Lucerón, Carmen</subfield>
      <subfield code="e">author</subfield>
   </datafield>
   <datafield ind2=" " ind1=" " tag="720">
      <subfield code="a">González Mayor, Gloria</subfield>
      <subfield code="e">author</subfield>
   </datafield>
   <datafield ind2=" " ind1=" " tag="720">
      <subfield code="a">Drummond Suinaga, Tatiana</subfield>
      <subfield code="e">author</subfield>
   </datafield>
   <datafield ind2=" " ind1=" " tag="720">
      <subfield code="a">Aparicio, Pilar</subfield>
      <subfield code="e">author</subfield>
   </datafield>
   <datafield ind2=" " ind1=" " tag="260">
      <subfield code="c">2013-02</subfield>
   </datafield>
   <datafield ind2=" " ind1=" " tag="520">
      <subfield code="a">El estudio que tiene entre sus manos forma parte del proyecto Lucha contra el Sida y otras enfermedades prevalentes en zonas de actuación prioritaria, dirigido a las poblaciones más desfavorecidas de Guatemala, El Salvador, Honduras, Nicaragua, República  Dominicana  y  Haití, desarrollado  en  el  marco  del  convenio  entre  la  Agencia  Española  de  Cooperación  Internacional  y  Desarrollo  (AECID)  y  una  organización no gubernamental sin ánimo de lucro (Asamblea de Cooperación por la Paz).  Este  proyecto  ha  tenido  como  objetivo  último  potenciar  la  respuesta  a  la  epidemia  de  VIH/sida  en  los  países  involucrados  en  el  proyecto,  esarrollando  &#xd;
actividades preventivas que potenciarán a corto, medio y largo plazo la disminución de los contagios de VIH/sida entre los principales grupos de riesgo, trabajando muy intensamente también en la prevención de la transmisión vertical madre-hijo/a, en la mejora de la atención integral de las personas que viven con el VIH/sida y luchando contra el estigma y discriminación que sufren estas personas.</subfield>
   </datafield>
   <datafield ind1="8" ind2=" " tag="024">
      <subfield code="a">Blasco Hernández, T.; Otero García, L.; Olmedo Lucerón, Mª C.; González Mayor, G.; Drummond Suinaga, T.; Aparicio Azcárraga, P.. Madrid: Centro Nacional de Medicina Tropical. Instituto de Salud Carlos III, 2012</subfield>
   </datafield>
   <datafield ind1="8" ind2=" " tag="024">
      <subfield code="a">10.4321/repisalud.5355</subfield>
   </datafield>
   <datafield ind1="8" ind2=" " tag="024">
      <subfield code="a">725-12-036-2 / 725-12-037-8</subfield>
   </datafield>
   <datafield ind1="8" ind2=" " tag="024">
      <subfield code="a">http://hdl.handle.net/20.500.12105/5355</subfield>
   </datafield>
   <datafield ind2="0" ind1="0" tag="245">
      <subfield code="a">VIH/SIDA en Baja Verapaz (Guatemala) : una mirada cualitativa desde los y las profesionales de la salud</subfield>
   </datafield>
</record></metadata></record></GetRecord></OAI-PMH>